Prova d'Arenys de Mar - Statistics

General Stats
  • This quiz has been taken 9 times
  • The average score is 3 of 10
Answer Stats
Hint Answer % Correct
Comarca a la qual pertany Maresme
100%
Arenys de Mar va ser un barri de pescadors d'aquest poble Arenys de Munt
71%
1 poble amb el qual limita Canet de Mar
57%
Futbolista que ha jugat al FC Barcelona Cesc Fàbregas
43%
Habitants aproximats de la població 15000
29%
Famòs escritor català que estiuejava a Arenys i en va dedicar poemes Salvador Espriu
29%
Futbolista que ha jugat al Sevila FC, Celta de Vigo o Espanyol Sergi Gomez
14%
Fàbrica de licor emblemàtica al centre del poble Calisay
0%
Avinguda i centre de la vida quotidiana al poble La Riera
0%
Noms populars de les platjes d'arenys Primera, Segona
0%
No matching quizzes found
Score Distribution
Percent of People with Each Score
Percentile by Number Answered
Your Score History
You have not taken this quiz